| 000 | 00443nam a2200169 4500 | ||
|---|---|---|---|
| 001 | 132381 | ||
| 003 | ES-MaACL | ||
| 005 | 20260601155229.0 | ||
| 007 | t| | ||
| 008 | 070214s1919 fr r ||||1| fre d | ||
| 100 | 1 |
_aRolland, Romain, _d1866-1944 _9239240 |
|
| 245 | 1 | 4 |
_aLes précurseus / _cRomain Rolland. |
| 260 |
_aVilleneuve : _bS. Georges, _c1919. |
||
| 300 |
_a226 p. ; _c19 cm. |
||
| 852 |
_aES-MaACL _jD-1393 |
||
| 999 |
_c132381 _d132381 |
||